El noble bruto y sus amigos (Record no. 35174)

MARC details
000 -LEADER
campo de control de longitud fija 00763nam a2200193 i 4500
001 - NÚMERO DE CONTROL
campo de control 35174
003 - IDENTIFICADOR DE NÚMERO DE CONTROL
campo de control ES-MaACL
005 - FECHA Y HORA DE LA ÚLTIMA TRANSACCIÓN
campo de control 20230906155053.0
007 - CAMPO FIJO DE DESCRIPCIÓN FÍSICA--INFORMACIÓN GENERAL
campo de control de longitud fija t|
008 - DATOS DE LONGITUD FIJA--INFORMACIÓN GENERAL
campo de control de longitud fija 030212s1952 sp ||||1| spa d
100 1# - ENTRADA PRINCIPAL--NOMBRE DE PERSONA
Nombre de persona Botín Polanco, Adolfo.
9 (RLIN) 30785
245 13 - MENCIÓN DEL TÍTULO
Título El noble bruto y sus amigos
Resto del título : ideas hípicas, clásicas, de polémica y de actualidad /
Mención de responsabilidad, etc. Adolfo Botín Polanco ; con un prólogo de Antonio Botín Polanco ; y notas de Emilio López de Letona y Chacón.
260 ## - PUBLICACIÓN, DISTRIBUCIÓN, ETC.
Lugar de publicación, distribución, etc. Madrid :
Nombre del editor, distribuidor, etc. Revista de Occidente,
Fecha de publicación, distribución, etc. [1952] (
Fabricante Imp. Viuda de Galo Sáez)
300 ## - DESCRIPCIÓN FÍSICA
Extensión 330 p., 1 lám. ;
Dimensiones 22 cm.
650 #4 - PUNTO DE ACCESO ADICIONAL DE MATERIA--TÉRMINO DE MATERIA
Término de materia o nombre geográfico como elemento de entrada Hípica.
9 (RLIN) 171917
700 1# - ENTRADA AGREGADA--NOMBRE PERSONAL
Nombre de persona Botín Polanco, Antonio.
9 (RLIN) 30786
700 1# - ENTRADA AGREGADA--NOMBRE PERSONAL
Nombre de persona López de Letona y Chacón, Emilio.
9 (RLIN) 73568
852 ## - LOCALIZACIÓN
Ubicación ES-MaACL
Número de control de estantería D-9295
Holdings
Estatus retirado Estado de pérdida Estado de daño No para préstamo Biblioteca de origen Biblioteca actual Ubicación en estantería Fecha de adquisición Fuente de adquisición Total de préstamos Signatura topográfica completa Código de barras Visto por última vez Precio de reemplazo Tipo de ítem Koha
        Biblioteca del Ateneo de Madrid Biblioteca del Ateneo de Madrid Sala Valle Inclán 17/01/2008     D-9295 901036797 23/02/2023 23/02/2023 Libro impreso